Beatles Songs - Tile Select #1 - Statistics

General Stats
  • This quiz has been taken 870 times
  • The average score is 86 of 100
Answer Stats
Question Tile Select % Correct
Sgt. Pepper's Lonely Hearts Club Band Blackbird No
96%
Sgt. Pepper's Lonely Hearts Club Band Get Back No
96%
Sgt. Pepper's Lonely Hearts Club Band Let It Be No
96%
Sgt. Pepper's Lonely Hearts Club Band Something No
96%
Sgt. Pepper's Lonely Hearts Club Band Taxman No
96%
Sgt. Pepper's Lonely Hearts Club Band Back in the U.S.S.R. No
95%
Sgt. Pepper's Lonely Hearts Club Band Come Together No
95%
Sgt. Pepper's Lonely Hearts Club Band While My Guitar Gently Weeps No
95%
Sgt. Pepper's Lonely Hearts Club Band Helter Skelter No
94%
Sgt. Pepper's Lonely Hearts Club Band Here Comes the Sun No
94%
Sgt. Pepper's Lonely Hearts Club Band Across the Universe No
93%
Sgt. Pepper's Lonely Hearts Club Band The Long and Winding Road No
93%
Sgt. Pepper's Lonely Hearts Club Band Eleanor Rigby No
92%
Sgt. Pepper's Lonely Hearts Club Band Tomorrow Never Knows No
92%
Abbey Road Back in the U.S.S.R. No
91%
Abbey Road Helter Skelter No
91%
Abbey Road Lucy in the Sky With Diamonds No
91%
Abbey Road Taxman No
91%
Abbey Road With a Little Help from My Friends No
91%
Abbey Road Yellow Submarine No
91%
Abbey Road A Day in the Life No
90%
Sgt. Pepper's Lonely Hearts Club Band Octopus's Garden No
90%
Abbey Road Tomorrow Never Knows No
90%
Sgt. Pepper's Lonely Hearts Club Band Yellow Submarine No
90%
Abbey Road Blackbird No
89%
Abbey Road Eleanor Rigby No
89%
Revolver Let It Be No
89%
Sgt. Pepper's Lonely Hearts Club Band Lucy in the Sky With Diamonds Yes
89%
Let It Be Octopus's Garden No
89%
Let It Be Taxman No
89%
Abbey Road When I'm Sixty-Four No
89%
Sgt. Pepper's Lonely Hearts Club Band With a Little Help from My Friends Yes
89%
Abbey Road Across the Universe No
88%
Let It Be Back in the U.S.S.R. No
88%
Revolver Come Together No
88%
Let It Be Eleanor Rigby No
88%
Revolver Here Comes the Sun No
88%
Abbey Road Let It Be No
88%
Revolver Lucy in the Sky With Diamonds No
88%
Let It Be Lucy in the Sky With Diamonds No
88%
Revolver Octopus's Garden No
88%
Let It Be When I'm Sixty-Four No
88%
Abbey Road While My Guitar Gently Weeps No
88%
Revolver With a Little Help from My Friends No
88%
The White Album (The Beatles) Yellow Submarine No
88%
Let It Be Yellow Submarine No
88%
Revolver Across the Universe No
87%
Revolver A Day in the Life No
87%
Let It Be A Day in the Life No
87%
Let It Be Blackbird No
87%
Revolver Get Back No
87%
Let It Be Helter Skelter No
87%
The White Album (The Beatles) Here Comes the Sun No
87%
Let It Be Here Comes the Sun No
87%
The White Album (The Beatles) Let It Be No
87%
The White Album (The Beatles) Lucy in the Sky With Diamonds No
87%
Revolver Something No
87%
Let It Be Something No
87%
Revolver The Long and Winding Road No
87%
Revolver When I'm Sixty-Four No
87%
The White Album (The Beatles) When I'm Sixty-Four No
87%
Revolver While My Guitar Gently Weeps No
87%
The White Album (The Beatles) With a Little Help from My Friends No
87%
Let It Be With a Little Help from My Friends No
87%
The White Album (The Beatles) A Day in the Life No
86%
Revolver Back in the U.S.S.R. No
86%
The White Album (The Beatles) Come Together No
86%
Let It Be Come Together No
86%
The White Album (The Beatles) Eleanor Rigby No
86%
Abbey Road Get Back No
86%
The White Album (The Beatles) Get Back No
86%
Revolver Helter Skelter No
86%
The White Album (The Beatles) Octopus's Garden No
86%
The White Album (The Beatles) Taxman No
86%
Abbey Road The Long and Winding Road No
86%
Let It Be While My Guitar Gently Weeps No
86%
Let It Be Let It Be Yes
85%
The White Album (The Beatles) Something No
85%
The White Album (The Beatles) Tomorrow Never Knows No
85%
Let It Be Tomorrow Never Knows No
85%
Revolver Blackbird No
84%
The White Album (The Beatles) The Long and Winding Road No
84%
Abbey Road Here Comes the Sun Yes
83%
Sgt. Pepper's Lonely Hearts Club Band When I'm Sixty-Four Yes
83%
The White Album (The Beatles) Across the Universe No
82%
Sgt. Pepper's Lonely Hearts Club Band A Day in the Life Yes
82%
Abbey Road Come Together Yes
80%
Abbey Road Something Yes
78%
Revolver Taxman Yes
77%
The White Album (The Beatles) Back in the U.S.S.R. Yes
76%
The White Album (The Beatles) Blackbird Yes
75%
Revolver Eleanor Rigby Yes
75%
The White Album (The Beatles) Helter Skelter Yes
75%
The White Album (The Beatles) While My Guitar Gently Weeps Yes
74%
Revolver Tomorrow Never Knows Yes
70%
Let It Be Get Back Yes
68%
Abbey Road Octopus's Garden Yes
68%
Let It Be The Long and Winding Road Yes
68%
Let It Be Across the Universe Yes
66%
Revolver Yellow Submarine Yes
57%
No matching quizzes found
Score Distribution
Percent of People with Each Score
Percentile by Number Answered
Your Score History
You have not taken this quiz